| 000 | 007360000a22002290004500 | ||
|---|---|---|---|
| 001 | 52309 | ||
| 010 | _a978-989-96791-9-1 | ||
| 021 |
_aPT _b335450/11 |
||
| 100 | _a20160927d2016 k y0pory5003 ba | ||
| 101 | 0 | _apor | |
| 102 | _aPT | ||
| 200 | 1 |
_aChico fantástico _esuper herói de plástico _fPedro Seromenho _gil. José Machado |
|
| 210 |
_aBraga _cPaleta de Letras _d2011 |
||
| 215 |
_a[30] p. _cmuito il. |
||
| 606 |
_92108 _aLiteratura infantojuvenil _xConto |
||
| 675 |
_a821.134.3-34 _vBN _zpor |
||
| 700 | 1 |
_942202 _aSeromenho _bPedro _f1975- |
|
| 702 | 1 |
_928977 _4440 _aMachado _bJosé |
|
| 801 |
_aPT _c20160927 |
||
| 090 | _a52309 | ||
| 942 |
_cMON _n0 |
||
| 999 | _a52309 | ||